| 000 | 00489nam a2200169Ia 4500 | ||
|---|---|---|---|
| 003 | LDD | ||
| 008 | 190117s9999 xx 000 0 und d | ||
| 020 | _c₹75 | ||
| 040 | _cLDD | ||
| 041 | _ahi | ||
| 082 | _a8H3.7 शु11666क | ||
| 100 | _aशुक्ल, ऋता | ||
| 245 | 0 |
_aकनिष्ठा उंगली का पाप _cऋता शुक्ल |
|
| 260 |
_aदिल्ली _bज्ञान गंगा _c1994 |
||
| 300 | _a176प्र. | ||
| 942 |
_2ddc _cH |
||
| 999 |
_c171816 _d171816 |
||